| 000 | 01560nam0a22003131 4500 | ||
|---|---|---|---|
| 001 | rc\2894755 | ||
| 005 | 20260406120154.0 | ||
| 035 | _a(NLR Aleph) 007046810 | ||
| 090 |
_a6151526 _c6151526 |
||
| 100 | _a20110726d1928 |||y0rusy50 ca | ||
| 101 | 0 | _arus | |
| 102 | _aRU | ||
| 105 | _ac z ||||| | ||
| 200 | 1 |
_aСочинения _fА.С. Пушкин |
|
| 205 | _a3-е изд. | ||
| 210 |
_aМосква _aЛенинград _cГос. изд-во _d1928 _eЛенинград _gтип. Печатный двор |
||
| 215 |
_aXI, 610 с., [1] вкл. л. портр. _cпортр. _d27×19 см |
||
| 300 | _aОбложка: А. Лео | ||
| 300 | _aРедакция Б. Томашевского и К. Халабаева | ||
| 327 | 0 | _aВступительная статья: Томашевский Б.В. "Пушкин: Биографический очерк" | |
| 464 | 0 |
_12001#$aПушкин$eБиографический очерк _1700#1$aТомашевский$bБ.В.$gБорис Викторович$4070 _tПушкин _aТомашевский, Борис Викторович |
|
| 700 | 1 |
_8rus _7ca _aПушкин _bА. С. _cпоэт _f1799-1837 _gАлександр Сергеевич _3RU\NLR\AUTH\77386 _9110441 |
|
| 702 | 1 |
_aТомашевский _bБ.В. _gБорис Викторович _4340 |
|
| 702 | 1 |
_4340 _7ca _8rus _aХалабаев _bК. И. _f1886-1941 _gКонстантин Иванович _9234644 _3RU\NLR\AUTH\770234700 |
|
| 801 | 0 |
_aRU _bNLR _gpsbo |
|
| 801 | 1 |
_aRU _bELAR _2rusmarc |
|
| 852 |
_aNLR _j55/353 |
||
| 942 | _cBOOK | ||
| 980 | _aNB | ||